Andersen's the snow queen / (Record no. 30304)

MARC details
000 -LEADER
fixed length control field 00861nam a2200241 a 4500
005 - DATE AND TIME OF LATEST TRANSACTION
control field 20090912111958.0
008 - FIXED-LENGTH DATA ELEMENTS--GENERAL INFORMATION
fixed length control field 080424s2008 nyua j 000 1 eng
010 ## - LCCN (DPL NO)
LC control number B-358103
020 ## - INTERNATIONAL STANDARD BOOK NUMBER
International Standard Book Number 9788126417667
Terms of availability 60.00
035 ## - SYSTEM CONTROL NUMBER
System control number B-358103
037 ## - SOURCE OF ACQUISITION
Source of stock number/acquisition DBAD / PUB
040 ## - CATALOGING SOURCE
Original cataloging agency dpl
Language of cataloging English
082 ## - DEWEY DECIMAL CLASSIFICATION NUMBER
Classification number S
100 ## - MAIN ENTRY--PERSONAL NAME
Personal name Mini John
245 ## - TITLE STATEMENT
Title Andersen's the snow queen /
Statement of responsibility, etc retold by Mini John; illustrated by Raghu G.
260 ## - PUBLICATION, DISTRIBUTION, ETC. (IMPRINT)
Place of publication, distribution, etc Kerala
Name of publisher, distributor, etc DC Books
Date of publication, distribution, etc 2008
270 ## - ADDRESS
Address DC Kizhakemuri Edam, Good Shepherd Street, Kottayam
City 686001
300 ## - PHYSICAL DESCRIPTION
Extent 29p.:
Other physical details col. ill. ;
Dimensions 22cm(pbk)
650 ## - SUBJECT ADDED ENTRY--TOPICAL TERM
Topical term or geographic name as entry element Children's stories, English
700 ## - ADDED ENTRY--PERSONAL NAME
Personal name Raghu G.
942 ## - ADDED ENTRY ELEMENTS (KOHA)
Source of classification or shelving scheme Dewey Decimal Classification
Item type Children Books
Classification part S
Call number suffix MIN
Holdings
Withdrawn status Lost status Source of classification or shelving scheme Damaged status Not for loan Collection code Home library Current library Date acquired Source of acquisition Cost, normal purchase price Total Checkouts Full call number Barcode Date last seen Copy number Cost, replacement price Koha item type
    Dewey Decimal Classification     Fiction Janak Puri Janak Puri 12/09/2009 DBAD / PUB 60.00 8 S MIN B-358103 06/12/2021 1 60.00 Children Books

© Delhi Public Library
Hit Counter
free hit counter